শিক্ষা শিখন শিক্ষণ প্রশিক্ষণ /

Bibliographic Details
Format: Book
Language:Bengali
Published: ঢাকা : অর্ক, ২০০৭.
Subjects:
Classic Catalogue: View this record in Classic Catalogue
LEADER 01168nam a22002657a 4500
001 37753
003 BD-DhAAL
005 20260412131033.0
008 220216t2007 bg a|||| b||| 001 0 ben d
020 |a 9843000006617 
040 |a BD-DhAAL  |c BD-DhAAL 
041 |a ben 
082 |a 370.95492  |2 23 
245 |a শিক্ষা শিখন শিক্ষণ প্রশিক্ষণ /  |c আবু হামিদ লতিফ. 
246 |a Shikka shikhon shikkhon proshikkhon 
260 |a ঢাকা :  |b অর্ক,  |c ২০০৭. 
300 |a ১৪২ পৃষ্ঠা :  |b চিএ ;  |c ২১ সে.মি. 
504 |a গ্রন্থপঞ্জী ও নির্ঘন্ট অন্তর্গত 
541 |a Complimentary copy from BIED   |e 37753 
650 |a Education  |z Bangladesh.  |9 45855 
650 |a Education.  |9 45856 
852 |a Ayesha Abed Library  |c BIED Collection 
942 |2 ddc  |c BK 
999 |c 43525  |d 43525 
952 |0 0  |1 0  |2 ddc  |4 0  |6 370_954920000000000_SHI  |7 0  |9 69822  |a BRACUL  |b BRACUL  |c GEN  |d 2022-02-16  |e Complimentary copy from BIED  |l 0  |o 370.95492 SHI  |p 3010037753  |r 2022-02-16  |t 1  |w 2022-02-16  |y BK  |x Transferred from BIED to General Stacks